000 00371nam a2200133Ia 4500
008 151001s9999||||xx |||||||||||||| ||und||
100 _aदिनेश पाठक
245 _aभारतीय रेल
250 _a1
260 _b"जान्हवी प्रकाशन,दिल्ली "
260 _c२०१२
300 _a128
365 _b21
999 _c1001693
_d1001690